[Event "Druzynowe Mistrzostwa Polski Juniorow 2019 - II Liga"]
[Site "Szczyrk"]
[Date "1899-12-30"]
[Round "9.97"]
[White "Laszczak, Przemyslaw"]
[Black "Gazda, Dominik"]
[Result "1-0"]
[WhiteTitle "k"]
[BlackTitle "I"]
[WhiteElo "1942"]
[BlackElo "1624"]

1. d4 Nf6 2. c4 c5 3. d5 b5 4. cxb5 a6 5. bxa6 g6 6. Nc3 Bg7 7. Nf3 O-O 8. e4 Qa5
9. Nd2 Bxa6 10. Bxa6 Nxa6 11. O-O d6 12. Nc4 Qb4 13. Qe2 Nd7 14. Bd2 Nb6 15. Nxb6
Qxb6 16. Na4 Qb7 17. Bc3 Rfb8 18. Bxg7 Kxg7 19. b3 Qb5 20. Qxb5 Rxb5 21. Nc3 Rb4
22. f3 Nc7 23. Rfb1 Ra3 24. Nd1 Nb5 25. Ne3 Nd4 26. Rd1 Ra6 27. Kf2 Rb7 28. Rdb1
e6 29. Ke1 f5 30. Kd2 f4 31. Nc4 exd5 32. exd5 Re7 33. a4 Re2+ 34. Kd3 Rxg2 35.
b4 Rf2 36. bxc5 dxc5 37. Ne5 h5 38. Rb7+ Kf6 39. Nd7+ Kf5 40. Nxc5 Nxf3 41. Nxa6
Ne5+ 42. Kc3 Rxh2 43. d6 Rh3+ 44. Kd4 Rd3+ 45. Kc5 Rc3+ 46. Kb5 Ke6 47. Nc5+ 1-0

[Event "Druzynowe Mistrzostwa Polski Juniorow 2019 - II Liga"]
[Site "Szczyrk"]
[Date "1899-12-30"]
[Round "9.98"]
[White "Jaszczuk, Mateusz"]
[Black "Czarnomski, Dominik"]
[Result "0-1"]
[WhiteTitle "I"]
[BlackTitle "II+"]
[WhiteElo "1508"]
[BlackElo "1541"]

1. e4 d5 2. exd5 Qxd5 3. Nc3 Qd6 4. d4 Nf6 5. Nf3 a6 6. Be2 b5 7. O-O Bb7 8. h3
e6 9. Be3 Nbd7 10. Qd2 Be7 11. Bf4 Qb6 12. Ne5 Nxe5 13. dxe5 Nd5 14. Nxd5 Bxd5
15. Be3 Qb7 16. f3 O-O 17. c3 Rfd8 18. Qc2 Rd7 19. a4 Bc4 20. b4 Bxe2 21. Qxe2
Rad8 22. axb5 axb5 23. Ra5 Rd5 24. f4 Qc6 25. Qb2 Qc4 26. Ra7 Rd1 27. Rxd1 Rxd1+
28. Kh2 g6 29. Ra8+ Kg7 30. Bd4 c5 31. bxc5 Qf1 32. Qf2 Qh1+ 33. Kg3 Rd3+ 34.
Be3 Bxc5 35. f5 Rxe3+ 0-1

[Event "Druzynowe Mistrzostwa Polski Juniorow 2019 - II Liga"]
[Site "Szczyrk"]
[Date "1899-12-30"]
[Round "9.99"]
[White "Krawczak, Patryk"]
[Black "Guzik, Michal"]
[Result "0-1"]
[WhiteTitle "II"]
[BlackTitle "II"]
[WhiteElo "1117"]
[BlackElo "1084"]

1. e4 c5 2. Nc3 Nc6 3. f4 g6 4. Nf3 Bg7 5. Bc4 d6 6. d3 e6 7. O-O Nge7 8. Qe1 Qc7
9. Qg3 O-O 10. Nb5 Qd8 11. Qh4 a6 12. Nc3 d5 13. Bb3 b5 14. a3 Bb7 15. Nd2 Qb6
16. Kh1 c4 17. Ba2 Rfe8 18. Qg3 Nd4 19. Bb1 a5 20. Na2 b4 21. dxc4 dxc4 22. Nxc4
Qc5 23. Qd3 Ba6 24. b3 Rec8 25. Bb2 Bxc4 26. bxc4 Qxc4 27. Qxc4 Rxc4 28. c3 bxc3
29. Bxc3 Nb3 30. Bd3 Rxc3 31. Nxc3 Nxa1 32. Rxa1 Bxc3 33. Rb1 Rd8 34. Be2 Rd2
35. Bf3 Rb2 36. Rc1 Bd2 37. Rd1 Bxf4 38. g3 Bh6 39. Rd3 Nc6 40. Rc3 Ne5 41. Bd1
Rb1 0-1

[Event "Druzynowe Mistrzostwa Polski Juniorow 2019 - II Liga"]
[Site "Szczyrk"]
[Date "1899-12-30"]
[Round "9.100"]
[White "Mansz, Martyna"]
[Black "Olszewski, Antoni"]
[Result "0-1"]
[WhiteTitle "I"]
[BlackTitle "II"]
[WhiteElo "1091"]
[BlackElo "1380"]

1. b3 e5 2. Bb2 Nc6 3. e3 d5 4. f4 Bd6 5. Nf3 Qe7 6. Be2 Nf6 7. O-O exf4 8. exf4
Bxf4 9. Re1 Be6 10. Bb5 Qc5+ 11. Nd4 O-O 12. Bxc6 bxc6 13. Kh1 Bg4 14. Nf3 d4
15. Ba3 Qh5 16. h4 Bxf3 17. Qxf3 Qxh4+ 18. Qh3 Qxe1# 0-1

[Event "Druzynowe Mistrzostwa Polski Juniorow 2019 - II Liga"]
[Site "Szczyrk"]
[Date "1899-12-30"]
[Round "9.101"]
[White "Nowacka, Dorota"]
[Black "Wojtas, Emilia"]
[Result "1/2-1/2"]
[WhiteTitle "I+"]
[BlackTitle "II"]
[WhiteElo "1576"]
[BlackElo "1088"]

1. d4 d5 2. Bf4 e6 3. e3 Nf6 4. Nd2 b6 5. c3 Bb7 6. Bd3 Nbd7 7. Ngf3 c5 8. Qe2
Ne4 9. O-O Ndf6 10. Ne5 a6 11. Bc2 b5 12. Rfd1 c4 13. h3 Bd6 14. Nxe4 Nxe4 15.
f3 Nf6 16. Qf2 h6 17. Bh2 Qc7 18. g4 g5 19. f4 gxf4 20. Bxf4 Qe7 21. Rf1 Ne4 22.
Bxe4 dxe4 23. Nxf7 Qxf7 24. Bxd6 Qxf2+ 25. Rxf2 Kd7 26. Bc5 Bd5 27. Raf1 Kc6 28.
Rf7 a5 29. Rg7 b4 30. Rff7 Rab8 31. Rc7+ Kb5 32. cxb4 axb4 33. Bd6 Rb6 34. Rc5+
Ka6 35. Bc7 Rb5 36. Be5 Rf8 37. Rcc7 Rf3 38. Bf4 c3 39. b3 Kb6 40. Rc8 Ka6 41.
Kg2 Ra5 42. Rcc7 Rxa2+ 43. Kg1 Kb6 44. Rc5 Bxb3 45. Bc7+ Ka6 46. Rc6+ Kb7 47.
Rb6+ Ka7 48. Bd8+ Ka8 49. Bc7 Rf8 50. Rc6 c2 51. Bd6 Ra1+ 52. Kg2 c1=Q 53. Rxc1
Rxc1 54. Bxf8 Rc2+ 55. Kg3 Re2 56. Bxb4 Rxe3+ 57. Kf4 Rxh3 58. Kxe4 Bd5+ 59. Ke5
Rf3 60. Bc5 h5 61. gxh5 Rf5+ 62. Kd6 Rxh5 63. Kc7 Rh8 64. Kb6 Rb8+ 65. Ka5 Rb7
66. Rg8+ Rb8 67. Rg1 Kb7 68. Rb1+ Kc8 69. Rxb8+ Kxb8 1/2-1/2

[Event "Druzynowe Mistrzostwa Polski Juniorow 2019 - II Liga"]
[Site "Szczyrk"]
[Date "1899-12-30"]
[Round "9.102"]
[White "Uliasz, Katarzyna"]
[Black "Zalewska, Malgorzata"]
[Result "1-0"]
[WhiteTitle "I"]
[BlackTitle "I"]
[WhiteElo "1333"]
[BlackElo "1000"]

1. e4 e6 2. d3 d5 3. Qe2 Ne7 4. Nf3 c5 5. g3 Nbc6 6. Bg2 Ng6 7. O-O Be7 8. Re1
f6 9. Nbd2 O-O 10. c3 d4 11. c4 e5 12. a3 b6 13. h3 Bd6 14. g4 Be6 15. Nf1 Qd7
16. Ng3 Na5 17. Qd1 Nb7 18. Nf5 Ne7 19. Nxd6 Nxd6 20. Nh4 Ng6 21. Nf5 Bxf5 22.
exf5 Nh4 23. Bxa8 Rxa8 24. f3 Qc6 25. Kf2 Re8 26. Kg3 Nhxf5+ 27. gxf5 Nxf5+ 28.
Kf2 Qe6 29. Rg1 Nh4 30. Rg4 Ng6 31. Qg1 Re7 32. Bd2 Nf4 33. Bxf4 exf4 34. Re1
Qxe1+ 35. Qxe1 Rxe1 36. Kxe1 Kf7 37. Rxf4 g5 38. Re4 Kg6 39. b4 cxb4 40. axb4
a6 41. c5 bxc5 42. bxc5 1-0

[Event "Druzynowe Mistrzostwa Polski Juniorow 2019 - II Liga"]
[Site "Szczyrk"]
[Date "1899-12-30"]
[Round "9.103"]
[White "Drozdzal, Michal"]
[Black "Derylo, Kamil"]
[Result "1-0"]
[WhiteTitle "II+"]
[BlackTitle "I+"]
[WhiteElo "1447"]
[BlackElo "2030"]

1. e4 c6 2. c4 d5 3. cxd5 cxd5 4. exd5 Nf6 5. Qa4+ Qd7 6. Bb5 Nc6 7. dxc6 Qe6+
8. Ne2 bxc6 9. Bxc6+ Bd7 10. Bxd7+ Nxd7 11. Nbc3 g6 12. Qe4 Qxe4 13. Nxe4 Bg7
14. O-O O-O 15. d4 e5 16. Be3 Rae8 17. Nc5 Nb6 18. Rfe1 f5 19. dxe5 Bxe5 20. Bd4
Kf7 21. Bxe5 Rxe5 22. Nd3 Rd5 23. Nef4 Rd6 24. Rad1 Rfd8 25. Ne5+ Kf6 26. Rxd6+
Rxd6 27. Nf3 Na4 28. b3 Nc3 29. h4 h6 30. a4 Ne4 31. Ne2 g5 32. hxg5+ hxg5 33.
Nfd4 g4 34. f3 gxf3 35. gxf3 Ng5 36. Rc1 Rd7 37. Rc6+ Kf7 38. b4 f4 39. b5 Nh7
40. a5 Nf6 41. Kf2 Nd5 42. Nf5 Nb4 43. Rd6 Rc7 44. b6 axb6 45. axb6 Rb7 46. Nxf4
Na6 47. Nd5 Kf8 48. Nd4 Rb8 49. Nc6 Rb7 50. Na5 Rb8 51. b7 Nc5 52. Rb6 Ke8 53.
Ke3 Kd7 54. Nb4 Re8+ 55. Kd2 Rb8 56. Na6 Nxa6 57. Rxa6 Kc7 58. Ra8 1-0

[Event "Druzynowe Mistrzostwa Polski Juniorow 2019 - II Liga"]
[Site "Szczyrk"]
[Date "1899-12-30"]
[Round "9.104"]
[White "Derylo, Adam"]
[Black "Tomkiewicz, Jakub"]
[Result "0-1"]
[WhiteTitle "I"]
[BlackTitle "II"]
[WhiteElo "1460"]
[BlackElo "1270"]

1. e4 e5 2. Nf3 Nc6 3. Bb5 d6 4. d4 Bd7 5. O-O Be7 6. dxe5 Nxe5 7. Nxe5 dxe5 8.
Bxd7+ Qxd7 9. Nc3 O-O-O 10. Be3 Nf6 11. f3 Bb4 12. Ne2 Qc6 13. Qc1 Bc5 14. Kf2
Bxe3+ 15. Qxe3 Rd7 16. Rfd1 Rhd8 17. Rxd7 Rxd7 18. Nc3 b6 19. Ke1 h6 20. Rd1 Rxd1+
21. Kxd1 Qc4 22. Qd3 Qc5 23. Qf1 Qd4+ 24. Kc1 Kb7 25. g3 c6 26. a3 Qe3+ 27. Kb1
Qd2 28. Qe2 Qd4 29. Ka2 Nd7 30. Qd1 Qc4+ 31. b3 Qe6 32. Na4 Qe7 33. c4 Kc7 34.
Nc3 Nc5 35. Qd2 Ne6 36. Ne2 Qf6 37. f4 h5 38. Qe3 g6 39. Kb1 exf4 40. gxf4 Qh4
41. Qg3 Qxg3 42. hxg3 Nc5 43. e5 Nxb3 44. Kc2 Nc5 45. Nd4 Kd7 46. f5 gxf5 47.
Nxf5 Ke6 48. Ng7+ Kxe5 49. Nxh5 Kd4 50. Ng7 Kxc4 51. Nf5 Kd5 52. Ne7+ Kd6 53.
Nf5+ Ke6 54. Nd4+ Kd5 55. Nf5 Ne6 56. Nh6 Ng5 57. Nf5 c5 58. Ne7+ Kc4 59. Nc8
Ne4 60. g4 f6 61. Nxa7 Nf2 62. Nc8 Kb5 63. Nd6+ Kc6 64. Nc4 Nxg4 65. a4 f5 66.
a5 bxa5 67. Nxa5+ Kb5 68. Nb3 f4 69. Nd2 Nh2 70. Kd3 Kb4 71. Ke4 f3 72. Ke3 c4
73. Nxc4 Kxc4 74. Kf2 Kd3 0-1

[Event "Druzynowe Mistrzostwa Polski Juniorow 2019 - II Liga"]
[Site "Szczyrk"]
[Date "1899-12-30"]
[Round "9.105"]
[White "Futyma, Dawid"]
[Black "Derylo, Maksymilian"]
[Result "1-0"]
[WhiteTitle "II"]
[BlackTitle "II"]
[WhiteElo "1073"]
[BlackElo "1357"]

1. d4 d5 2. c4 e6 3. Nc3 Nf6 4. Bg5 Nbd7 5. a3 Be7 6. Nf3 b6 7. cxd5 Nxd5 8. Nxd5
exd5 9. Bxe7 Qxe7 10. Rc1 Qd6 11. e3 O-O 12. Bb5 a6 13. Bxd7 Bxd7 14. O-O Rac8
15. Ne5 Bf5 16. Rc6 Qe7 17. Qc1 Rfe8 18. Qc3 Qd8 19. Rc1 Re7 20. b4 h6 21. g4
Be6 22. Qc2 Qe8 23. h3 h5 24. Qe2 hxg4 25. hxg4 f6 26. Nd3 Qg6 27. Nf4 Qxg4+ 28.
Qxg4 Bxg4 29. Nxd5 Rd7 30. Nxb6 Bf3 31. Nxd7 Bxc6 32. Rxc6 1-0

[Event "Druzynowe Mistrzostwa Polski Juniorow 2019 - II Liga"]
[Site "Szczyrk"]
[Date "1899-12-30"]
[Round "9.106"]
[White "Zhydachevskyy, Yulian"]
[Black "Tomkiewicz, Szymon"]
[Result "0-1"]
[WhiteTitle "II"]
[BlackTitle "II"]
[WhiteElo "1292"]
[BlackElo "1092"]

1. e4 d5 2. exd5 Qxd5 3. Nc3 Qa5 4. d3 c6 5. Nf3 Nf6 6. Be2 Bf5 7. O-O e6 8. Bd2
Qc7 9. Nh4 Bg6 10. g3 Bd6 11. Ng2 Nbd7 12. Bf4 O-O-O 13. a4 h5 14. b4 Bxf4 15.
Nxf4 h4 16. b5 c5 17. a5 hxg3 18. fxg3 Qe5 19. Na4 Qe3+ 20. Kg2 Ne5 21. Bf3 Nxf3
22. Qxf3 Qd2+ 23. Qe2 Qxe2+ 24. Nxe2 Ng4 25. Nxc5 Ne3+ 26. Kg1 Nxf1 27. Rxf1 Rd5
28. d4 b6 29. axb6 axb6 30. Nf4 bxc5 31. Nxd5 exd5 32. Ra1 Kb7 33. dxc5 Rc8 34.
c6+ Kb6 35. Rd1 Kxb5 36. Rxd5+ Kxc6 37. Rd4 Kb5 38. Rd5+ Rc5 39. Rd8 Bxc2 40.
h4 g6 41. g4 Rc4 42. Rb8+ Ka6 43. g5 Rxh4 44. Kf2 Rg4 45. Rf8 Bb3 46. Ra8+ Kb7
47. Ra3 Be6 48. Rg3 Rxg3 49. Kxg3 Kc6 0-1

[Event "Druzynowe Mistrzostwa Polski Juniorow 2019 - II Liga"]
[Site "Szczyrk"]
[Date "1899-12-30"]
[Round "9.107"]
[White "Mazurek, Maja"]
[Black "Laszczuk, Zuzanna"]
[Result "0-1"]
[WhiteTitle "I"]
[BlackTitle "I"]
[WhiteElo "1294"]
[BlackElo "1323"]

1. d4 d5 2. c4 c6 3. Nc3 Nf6 4. Nf3 e6 5. Bg5 Nbd7 6. e3 Bb4 7. Bd3 Qa5 8. Qc2
dxc4 9. Bxc4 Ne4 10. Qxe4 Bxc3+ 11. Ke2 Bxb2 12. Bxe6 O-O 13. Rab1 Qb5+ 14. Qd3
Qxd3+ 15. Kxd3 fxe6 16. Rxb2 c5 17. Be7 Re8 18. Bxc5 b6 19. Bd6 Nf6 20. Ne5 Ba6+
21. Kc2 Ne4 22. Bb4 Nxf2 23. Rg1 Rac8+ 24. Kb3 Ne4 25. Rc2 Bb5 26. Rgc1 Rxc2 27.
Rxc2 a5 28. Ba3 a4+ 29. Kb4 Nd6 30. Rc7 Bf1 31. g3 b5 32. Kc5 Ne4+ 33. Kb6 Nf6
34. Kc6 Nd5 35. Rb7 Nxe3 36. Kd7 Ra8 37. Kxe6 Bc4+ 38. Kd7 Bxa2 39. Rxb5 Nc2 40.
Bc5 a3 41. Rb7 Bd5 42. Rb5 a2 43. Ba7 a1=Q 44. Rxd5 Qxa7+ 0-1

[Event "Druzynowe Mistrzostwa Polski Juniorow 2019 - II Liga"]
[Site "Szczyrk"]
[Date "1899-12-30"]
[Round "9.108"]
[White "Majewska, Zuzanna"]
[Black "Futyma, Klaudia"]
[Result "0-1"]
[WhiteTitle "II"]
[BlackTitle "II"]
[WhiteElo "1000"]
[BlackElo "1000"]

1. e4 c5 2. Nf3 d6 3. d4 cxd4 4. Nxd4 a6 5. Nc3 e5 6. Nb3 Nf6 7. Bg5 Be7 8. Bd3
Be6 9. f4 exf4 10. Bxf4 O-O 11. h3 Re8 12. Qf3 g6 13. g4 Bf8 14. O-O-O Bg7 15.
Rdg1 Bxb3 16. cxb3 Nc6 17. h4 Rc8 18. Kd2 Ne5 19. Bxe5 dxe5 20. h5 Qd7 21. hxg6
fxg6 22. Ke2 Red8 23. g5 Nh5 24. Bc4+ Kh8 25. Rd1 Qe7 26. Rxd8+ Rxd8 27. Rg1 Nf4+
28. Kf1 Qd7 29. Nd5 Nxd5 30. Ke2 Nf4+ 31. Kf2 Nh3+ 0-1

[Event "Druzynowe Mistrzostwa Polski Juniorow 2019 - II Liga"]
[Site "Szczyrk"]
[Date "1899-12-30"]
[Round "9.110"]
[White "Guzik, Natalia"]
[Black "Twardowski, Jakub"]
[Result "1-0"]
[WhiteTitle "I++"]
[BlackTitle "III"]
[WhiteElo "1638"]
[BlackElo "1000"]

1. e4 e5 2. Nf3 Nc6 3. Bc4 Bc5 4. O-O Nf6 5. d3 O-O 6. c3 a5 7. a4 d6 8. Bb3 Be6
9. Bc2 h6 10. d4 Ba7 11. d5 Bxd5 12. exd5 Ne7 13. c4 Bc5 14. Nbd2 Qd7 15. h3 Rae8
16. Re1 Ng6 17. Nf1 Nh8 18. Ng3 Qc8 19. Nh4 Qb8 20. Ngf5 Qa7 21. Qf3 Ng6 22. Nxh6+
gxh6 23. Qxf6 Ne7 24. Bxh6 Bxf2+ 25. Kh1 Bxe1 26. Qg7# 1-0

[Event "Druzynowe Mistrzostwa Polski Juniorow 2019 - II Liga"]
[Site "Szczyrk"]
[Date "1899-12-30"]
[Round "9.111"]
[White "Paschke, Kajetan"]
[Black "Wojtasik, Szymon"]
[Result "0-1"]
[WhiteTitle "III"]
[BlackTitle "II"]
[WhiteElo "1000"]
[BlackElo "1511"]

1. e4 c5 2. Nf3 Nc6 3. d4 cxd4 4. Nxd4 g6 5. Nc3 Bg7 6. Be3 Nf6 7. f3 O-O 8. Qd2
d5 9. Nxc6 bxc6 10. exd5 cxd5 11. Rd1 Be6 12. Bh6 Qa5 13. Bxg7 Kxg7 14. g4 Rfd8
15. Qg5 Qb4 16. h4 d4 17. h5 h6 18. Qf4 g5 19. Qe5 dxc3 20. bxc3 Rxd1+ 21. Kxd1
Qd6+ 22. Qxd6 exd6 23. Bd3 Nd5 24. Kd2 Rc8 25. Re1 Nxc3 26. Bf5 Bxf5 27. gxf5
Kf6 28. a3 Nd5 29. Kd3 Nf4+ 30. Kd4 Rxc2 31. Rb1 Ra2 32. Rc1 Ne2+ 0-1

[Event "Druzynowe Mistrzostwa Polski Juniorow 2019 - II Liga"]
[Site "Szczyrk"]
[Date "1899-12-30"]
[Round "9.112"]
[White "Chrobot, Tomasz"]
[Black "Kisiel, Dominik"]
[Result "1-0"]
[WhiteTitle "III"]
[BlackTitle "II"]
[WhiteElo "1246"]
[BlackElo "1061"]

1. e4 c5 2. Nc3 d6 3. g3 Nf6 4. Bg2 g6 5. Nge2 Bg7 6. h3 O-O 7. d3 Nc6 8. O-O Bd7
9. Be3 Rc8 10. Qd2 a6 11. f4 b5 12. g4 Qc7 13. Ng3 e6 14. f5 exf5 15. gxf5 b4
16. Nd1 a5 17. Bh6 Rfe8 18. h4 Bh8 19. Qg5 Nd4 20. Ne3 a4 21. h5 Nxh5 22. Nxh5
Qd8 23. Qxd8 Rcxd8 24. fxg6 fxg6 25. Nf6+ Bxf6 26. Rxf6 Re5 27. Raf1 Ne2+ 28.
Kf2 Nd4 29. Ke1 Ree8 30. Rxd6 a3 31. bxa3 bxa3 32. Bg5 Nb5 33. Bxd8 Nxd6 34. Bb6
Rb8 35. Bxc5 Nb5 36. Nc4 Nc3 37. Kd2 Nb1+ 38. Ke3 Nc3 39. Nxa3 Bg4 40. Kd2 Ne2
41. Bf3 Ng3 42. Rg1 Bxf3 43. Rxg3 Bh5 44. Nc4 Rb1 45. Kc3 Rc1 46. Rg2 Bd1 47.
Kb2 Rxc2+ 48. Rxc2 Bxc2 49. Kxc2 h5 50. Be7 Kf7 51. Bg5 Ke6 52. d4 Kd7 53. Ne5+
Ke6 54. Nxg6 Kf7 55. Nf4 Kg7 56. Nxh5+ Kg6 57. d5 Kxg5 58. d6 1-0

[Event "Druzynowe Mistrzostwa Polski Juniorow 2019 - II Liga"]
[Site "Szczyrk"]
[Date "1899-12-30"]
[Round "9.113"]
[White "Kicinska, Magdalena"]
[Black "Matyjasek, Michalina"]
[Result "0-1"]
[WhiteTitle "I"]
[BlackTitle "I"]
[WhiteElo "1012"]
[BlackElo "1323"]

1. d4 c5 2. c3 d5 3. Nf3 Nc6 4. Bf4 Nf6 5. Nbd2 e6 6. e3 Bd6 7. Bg5 O-O 8. Bd3
h6 9. Bh4 e5 10. dxe5 Nxe5 11. Bc2 b6 12. O-O Ba6 13. Re1 Nd3 14. Bxd3 Bxd3 15.
Nf1 Be4 16. Bg3 Re8 17. Bxd6 Qxd6 18. Ng3 Bh7 19. c4 Rad8 20. cxd5 Qc7 21. Qb3
Rxd5 22. Rac1 Qe7 23. Qc4 Rdd8 24. Rcd1 Qb7 25. Qc3 Nd5 26. Qd2 Qc7 27. Qc1 Nb4
28. a3 Nd3 29. Qd2 Nxe1 30. Qxe1 Rxd1 31. Qxd1 Rd8 32. Qe2 Qd6 33. Qb5 Qd1+ 34.
Nf1 Bd3 35. Qxd3 Rxd3 36. Ne5 Rb3 37. Nc4 Qc2 38. Ncd2 Rxb2 39. h4 Qd1 40. Kh2
Rxd2 41. Nxd2 Qxd2 42. Kg3 h5 43. Kf3 0-1

[Event "Druzynowe Mistrzostwa Polski Juniorow 2019 - II Liga"]
[Site "Szczyrk"]
[Date "1899-12-30"]
[Round "9.114"]
[White "Zajac, Aleksandra"]
[Black "Kicinska, Anna"]
[Result "1-0"]
[WhiteTitle "II"]
[BlackTitle "I"]
[WhiteElo "1136"]
[BlackElo "1000"]

1. e4 c5 2. Nc3 d6 3. g3 Nf6 4. Bg2 g6 5. d3 Bg7 6. Be3 O-O 7. Qd2 Nc6 8. h3 Bd7
9. Nge2 Rb8 10. f4 a6 11. g4 b5 12. O-O b4 13. Nd1 a5 14. f5 Qc7 15. g5 Ne8 16.
h4 a4 17. c3 Ne5 18. Bh3 b3 19. a3 Rc8 20. Ng3 Qb7 21. Qe2 Bb5 22. Nf2 Nc7 23.
Rad1 Rfd8 24. f6 Rb8 25. fxg7 Kxg7 26. h5 Kg8 27. Kh2 Bd7 28. Bxd7 Rxd7 29. Ng4
Nxg4+ 30. Qxg4 Rdd8 31. d4 cxd4 32. Bxd4 Ne6 33. h6 Nxd4 34. Rxd4 Qc6 35. Qf3
Rf8 36. Rd2 Rbc8 37. Rdf2 Qc5 38. Qe2 Qxg5 39. Qd2 Qe5 40. Qd5 Qxd5 41. exd5 Rc5
42. Rd2 Rb8 43. Kh3 Rbb5 44. Rfd1 Kf8 45. Rd4 Ra5 46. Ne4 Rc8 47. Rb4 Rca8 48.
Kg3 Kg8 49. Rb7 Kf8 50. Ng5 Kg8 51. Rxe7 Rc5 52. Rde1 Rcc8 53. Rxf7 Rf8 54. Rg7+
Kh8 55. Rxh7+ Kg8 56. Ree7 Rfd8 57. Rhg7+ Kf8 58. Ne6# 1-0

[Event "Druzynowe Mistrzostwa Polski Juniorow 2019 - II Liga"]
[Site "Szczyrk"]
[Date "1899-12-30"]
[Round "9.115"]
[White "Poziomkowski, Szymon"]
[Black "Stachowicz, Hubert"]
[Result "1-0"]
[WhiteTitle "I"]
[BlackTitle "III"]
[WhiteElo "1816"]
[BlackElo "1092"]

1. e4 e5 2. Nf3 Nf6 3. Nc3 d6 4. d4 Bg4 5. dxe5 Bxf3 6. Qxf3 dxe5 7. Bc4 Bd6 8.
Bg5 Nbd7 9. O-O-O h6 10. Be3 O-O 11. g4 Nh7 12. h4 Qe7 13. g5 hxg5 14. hxg5 1-0

[Event "Druzynowe Mistrzostwa Polski Juniorow 2019 - II Liga"]
[Site "Szczyrk"]
[Date "1899-12-30"]
[Round "9.116"]
[White "Bartlomowicz, Jakub"]
[Black "Kartasiewicz, Igor"]
[Result "1-0"]
[WhiteTitle "II+"]
[BlackTitle "II"]
[WhiteElo "1633"]
[BlackElo "1000"]

1. e4 e5 2. Nf3 Nc6 3. Bc4 Bc5 4. c3 Nf6 5. d3 d6 6. O-O Bg4 7. Nbd2 O-O 8. Re1
Qd7 9. Nf1 a6 10. Bb3 Rfe8 11. Ng3 Nh5 12. h3 Nxg3 13. hxg4 h5 14. Ng5 Re7 15.
Qf3 Qxg4 16. Bxf7+ Rxf7 17. Qxf7+ Kh8 18. Qg6 Kg8 19. Qe6+ Kh8 20. Qg6 Kg8 21.
Qh7+ Kf8 22. Qh8+ Ke7 23. Qxg7+ 1-0

[Event "Druzynowe Mistrzostwa Polski Juniorow 2019 - II Liga"]
[Site "Szczyrk"]
[Date "1899-12-30"]
[Round "9.117"]
[White "Cwiek, Ryszard"]
[Black "Babiarz, Arkadiusz"]
[Result "1/2-1/2"]
[WhiteTitle "I"]
[BlackTitle "I++"]
[WhiteElo "1728"]
[BlackElo "1833"]

1. e4 c5 2. c3 d5 3. exd5 Qxd5 4. d4 Nf6 5. Nf3 e6 6. Be3 Ng4 7. Na3 Nxe3 8. fxe3
cxd4 9. Nb5 Qd8 10. Qxd4 Qxd4 11. cxd4 Bb4+ 12. Kf2 Ba5 13. Ne5 a6 14. Nc3 Nd7
15. Nd3 b5 16. b4 Bb6 17. a4 bxa4 18. Nxa4 Rb8 19. Nac5 Nxc5 20. bxc5 Bc7 21.
Be2 a5 22. Rhb1 Rxb1 23. Rxb1 Ba6 24. e4 f5 25. exf5 Rf8 26. Ke3 Rxf5 27. g3 Bxd3
28. Bxd3 Rf6 29. Rb7 Kd8 30. Be4 Rh6 31. Rb2 Rh5 32. Bc6 g6 33. Bf3 Rf5 34. Bg4
Rf6 35. Re2 h5 36. Bh3 g5 37. Kd3 g4 38. Bg2 h4 39. gxh4 Bxh2 40. Be4 Bc7 41.
h5 Rh6 42. Bg6 Kd7 1/2-1/2

[Event "Druzynowe Mistrzostwa Polski Juniorow 2019 - II Liga"]
[Site "Szczyrk"]
[Date "1899-12-30"]
[Round "9.118"]
[White "Jemiola, Jeremi"]
[Black "Cwiek, Stefan"]
[Result "0-1"]
[WhiteTitle "III"]
[BlackTitle "II"]
[WhiteElo "1000"]
[BlackElo "1315"]

1. d4 d5 2. c4 Bf5 3. Nc3 e6 4. Nf3 Nf6 5. Bg5 c6 6. e3 Bd6 7. c5 Bc7 8. Be2 Nbd7
9. O-O O-O 10. Re1 e5 11. Rc1 h6 12. Bh4 exd4 13. exd4 Bf4 14. Ra1 g5 15. Bg3
Bxg3 16. hxg3 Ne4 17. Nxe4 Bxe4 18. Kh2 f5 19. Rh1 f4 20. g4 Qc7 21. Kg1 Kg7 22.
Bd3 Rae8 23. Be2 Bxf3 24. Bxf3 Nf6 25. Rh3 Ne4 26. Kh2 Nxf2 27. Qg1 Nxh3 28. Kxh3
Re3 29. Qf2 Rfe8 30. Rh1 Qa5 31. b3 Qc3 32. Rd1 Re1 33. Rxe1 Qxe1 34. Qxe1 Rxe1
35. Kh2 Ra1 36. a4 Rb1 37. Be2 Rxb3 38. Bd1 Rd3 39. Bf3 Rxd4 40. Kg1 Rxa4 41.
Kf2 Rc4 42. Ke2 Rxc5 0-1

[Event "Druzynowe Mistrzostwa Polski Juniorow 2019 - II Liga"]
[Site "Szczyrk"]
[Date "1899-12-30"]
[Round "9.119"]
[White "Zybrant, Sandra"]
[Black "Polak, Sylwia"]
[Result "0-1"]
[WhiteTitle "II"]
[BlackTitle "I+"]
[WhiteElo "1000"]
[BlackElo "1533"]

1. e4 c5 2. c3 d5 3. exd5 Qxd5 4. d4 e6 5. Nf3 Nf6 6. Be2 Nc6 7. Be3 cxd4 8. Nxd4
Nxd4 9. Bxd4 Qxg2 10. Rf1 Be7 11. Be5 O-O 12. Bf3 Qg5 13. Bc7 Nd5 14. Bg3 Rd8
15. h4 Qf5 16. Bg4 Qe4+ 17. Qe2 Qxe2+ 18. Bxe2 Bd7 19. Nd2 Rac8 20. c4 Nb4 21.
Bd1 Nd3+ 22. Ke2 Nxb2 23. Rb1 Nxd1 24. Rfxd1 Bc6 25. Nf3 Rxd1 26. Rxd1 Bf6 27.
h5 h6 28. Be5 Bxf3+ 29. Kxf3 Bxe5 30. Rd7 Rc7 31. Rxc7 Bxc7 0-1

[Event "Druzynowe Mistrzostwa Polski Juniorow 2019 - II Liga"]
[Site "Szczyrk"]
[Date "1899-12-30"]
[Round "9.120"]
[White "Krzanowska, Liliana"]
[Black "Mielnik, Zofia"]
[Result "1-0"]
[WhiteTitle "I"]
[BlackTitle "IV"]
[WhiteElo "1192"]
[BlackElo "1000"]

1. Nf3 d5 2. d4 Nc6 3. c4 Nf6 4. e3 e6 5. Nc3 Bd7 6. Bd3 Bd6 7. O-O O-O 8. a3 a6
9. Qc2 Qe7 10. c5 Bxc5 11. dxc5 Qxc5 12. b4 Qe7 13. Bb2 Rae8 14. Na4 Qd8 15. Nc5
Re7 16. Bxf6 gxf6 17. Qb2 Rfe8 18. Qxf6 Na7 19. Qh6 Nc8 20. Qxh7+ Kf8 21. Qh8#
1-0

[Event "Druzynowe Mistrzostwa Polski Juniorow 2019 - II Liga"]
[Site "Szczyrk"]
[Date "1899-12-30"]
[Round "10.1"]
[White "Swiech, Lukasz"]
[Black "Kawalko, Adam"]
[Result "0-1"]
[WhiteTitle "II"]
[BlackTitle "I+"]
[WhiteElo "1625"]
[BlackElo "1920"]

1. e4 c5 2. Nf3 d6 3. d4 cxd4 4. Nxd4 Nf6 5. Nc3 a6 6. f3 e5 7. Nb3 Be6 8. Be3
Nbd7 9. Qd2 b5 10. Nd5 Bxd5 11. exd5 Nb6 12. Bxb6 Qxb6 13. O-O-O Be7 14. g4 a5
15. Qd3 Rb8 16. Kb1 O-O 17. h4 Rfc8 18. Nd2 a4 19. Bh3 Rc5 20. Ne4 Nxe4 21. fxe4
Bxh4 22. g5 Bxg5 23. Rdg1 Qd8 24. Qf3 h6 25. Rf1 Rb7 26. Bg4 b4 27. Bh5 Qf6 28.
Qe2 Bf4 29. Qa6 Qe7 30. Qxa4 Qd8 31. Qa6 Rb6 32. Qa7 Qc7 33. Qa4 Rb8 34. Rd1 Ra5
35. Qc6 Qa7 36. Qxd6 Rf8 37. Qxb4 Rxa2 38. c3 Ra4 39. Qb5 Rb8 40. Qc6 Qf2 41.
Bxf7+ Kh8 42. Qe8+ Rxe8 43. Bxe8 Ra8 44. Bb5 Rb8 0-1

[Event "Druzynowe Mistrzostwa Polski Juniorow 2019 - II Liga"]
[Site "Szczyrk"]
[Date "1899-12-30"]
[Round "10.2"]
[White "Madajczak, Jakub"]
[Black "Owoc, Jakub"]
[Result "0-1"]
[WhiteTitle "I"]
[BlackTitle "II"]
[WhiteElo "1631"]
[BlackElo "1614"]

1. e4 d5 2. exd5 Qxd5 3. Nc3 Qd6 4. d4 Nf6 5. Nf3 a6 6. Bd3 Nc6 7. Ne4 Nxe4 8.
Bxe4 Bg4 9. c3 O-O-O 10. O-O f5 11. Bxc6 Qxc6 12. Ne5 Bxd1 13. Nxc6 bxc6 14. Rxd1
g6 15. Re1 Rd7 16. Re6 Rd6 17. Re2 Rg8 18. Bg5 Kd7 19. Rae1 e6 20. Re5 Bg7 21.
Ra5 Ra8 22. Bf4 Rd5 23. Ra4 h6 24. Be5 Bxe5 25. Rxe5 Rxe5 26. dxe5 c5 27. Rh4
h5 28. f4 c4 29. b4 a5 30. Rh3 axb4 31. cxb4 Kc6 32. a3 Kd5 33. Kf2 Kd4 34. Ke2
c3 35. Rd3+ Kc4 36. Rd7 Kb3 37. Rxc7 Rd8 38. Rc6 Kb2 39. Rd6 Rc8 40. a4 c2 41.
Rd2 Kc3 0-1

[Event "Druzynowe Mistrzostwa Polski Juniorow 2019 - II Liga"]
[Site "Szczyrk"]
[Date "1899-12-30"]
[Round "10.3"]
[White "Krupinski, Mikolaj"]
[Black "Madajczak, Piotr"]
[Result "1-0"]
[WhiteTitle "II"]
[BlackTitle "I"]
[WhiteElo "1510"]
[BlackElo "1645"]

1. d4 f5 2. g3 Nf6 3. Bg2 g6 4. Nh3 Bg7 5. Nf4 O-O 6. h4 d6 7. d5 a5 8. h5 g5 9.
h6 gxf4 10. hxg7 Rf7 11. Bxf4 Rxg7 12. Nd2 Na6 13. Nc4 Nc5 14. Ne3 Ng4 15. Nxg4
Rxg4 16. Bf3 Rg6 17. Bh5 Rf6 18. Bg5 Rf8 19. f3 c6 20. Qd4 cxd5 21. Qh4 Rf7 22.
Bxf7+ Kxf7 23. Qxh7+ Ke6 24. Rh6+ Kd7 25. Qxf5+ Kc6 26. Qf7 Qb6 27. Qxe7 Ne4 28.
O-O-O Nxg5 29. Qxd6+ Kb5 30. Rxd5+ 1-0